Meilleurs buteurs de l'histoire de la Ligue 1 - Statistiques

Statistiques générales
  • Ce quiz a été pris 443 fois
    137 depuis la dernière actualisation
  • Le résultat moyen est 4 sur 20
Statistiques - réponses
Classement Réponse Nombre de Buts inscrits % Correct
7 Kylian Mbappé As Monaco (16), Paris Saint-Germain (175) = 191
85%
16 Wissam Ben Yedder Toulouse FC (63), AS Monaco (98) = 161
50%
14 Just Fontaine OGC Nice (42), Stade de Reims (122) = 164
45%
19 Jean-Pierre Papin Olympique de Marseille (134), Girondins de Bordeaux (22) = 156
44%
2 Bernard Lacombe Olympique lyonnais (123), AS Saint-Étienne (14), Girondins de Bordeaux (118) = 255
31%
1 Delio Onnis Stade de Reims (39), AS Monaco (157), Tours FC (64), Sporting Toulon Var (39) = 299
29%
15 Alain Giresse Girondins de Bordeaux (158), Olympique de Marseille (5) = 163
23%
9 Fleury di Nallo Olympique lyonnais (182), Red Star (5) = 187
19%
11 Gunnar Anderson Olympique de Marseille (169), Girondins de Bordeaux (10) = 179
18%
3 Hervé Revelli AS Saint-Étienne (175), OGC Nice (41) = 216
18%
10 Carlos Bianchi Stade de Reims (107), Paris Saint-Germain (64), RC Strasbourg (8) = 179
16%
6 Roger Piantoni FC Nancy (91), Stade de Reims (106), OGC Nice (6) = 203
11%
13 Jean Baratte LOSC Lille (167), CO Roubaix-Tourcoing (2) = 169
8%
5 Thadée Cisowski FC Metz (45), Racing Colombes (152), Valenciennes FC (9) =206
6%
8 Joseph Ujlaki Stade Français (3), FC Sète 34 (15), Nîmes Olympique (38), OGC Nice (59), Racing Colombes (75) = 190
5%
4 Roger Courtois FC Sochaux (209), ES Troyes AC (1) = 210
5%
17 André Guy FC Sochaux (3), AS Saint-Étienne (45), LOSC Lille (42), Olympique lyonnais (64), Stade rennais (5) = 159
3%
18 Désiré Koranyi FC Sète 34 (157) = 157
3%
12 Hassan Akesbi Nîmes Olympique (119), Stade de Reims (48), AS Monaco (6) = 173
3%
20 Jacky Vergnes Red Star (10), Nîmes Olympique (73), SC Bastia (20), Stade de Reims (11), Stade lavallois (19), RC Strasbourg (12), Girondins de Bordeaux (8), Montpellier HSC (0) = 153
3%
Aucun quiz correspondant
Distribution des résultats
% des personnes avec chaque résultat
Percentile par nombre de réponses
Votre historique - résultats
Vous n’avez pas pris ce quiz depuis la dernière actualisation